|
|
|
|
| LEADER |
00000nas a2200000 a 4500 |
| 001 |
ssj0006629 |
| 003 |
WaSeSS |
| 005 |
20200512172242.0 |
| 006 |
m d |
| 007 |
cr n |
| 008 |
780812c19549999njumr p s 0 a0eng c |
| 010 |
|
|
|a 56046292
|z sn 78006248
|
| 022 |
|
|
|l 0028-5560
|y 0028-5560
|
| 032 |
|
|
|a 380160
|b USPS
|
| 035 |
|
|
|a (WaSeSS)ssj0006629
|
| 037 |
|
|
|b New Jersey Business & Industry Association, 301 Sullivan Way, Trenton, NJ 08628
|
| 040 |
|
|
|a HUL
|b eng
|c HUL
|d NSD
|d DLC
|d NSD
|d AIP
|d NSD
|d DLC
|d NST
|d OCLCQ
|d ORZ
|d OCLCQ
|d OCLCF
|d OCLCO
|d OCLCA
|d OCLCQ
|d WaSeSS
|
| 042 |
|
|
|a nsdp
|a pcc
|
| 043 |
|
|
|a n-us-nj
|
| 050 |
0 |
0 |
|a HC107.N5
|b N38
|
| 210 |
0 |
|
|a N.J. bus.
|
| 222 |
|
0 |
|a New Jersey business
|
| 245 |
0 |
0 |
|a New Jersey business
|h [electronic resource] :
|b a publication of the New Jersey Business & Industry Association.
|
| 260 |
|
|
|a [Newark, N.J.] :
|b [The Association]
|
| 310 |
|
|
|a Monthly
|
| 362 |
1 |
|
|a Began with: Vol. 1 in Sept. 1954.
|
| 506 |
|
|
|a License restrictions may limit access.
|
| 550 |
|
|
|a Volumes for 1954- published by the New Jersey Manufacturers Association; <, Oct. 1983-> by the New Jersey Business & Industry Association.
|
| 588 |
|
|
|a Description based on: Vol. 29, no. 10 (Oct. 1983); title from cover.
|
| 650 |
|
7 |
|a Economic history.
|2 fast
|0 (OCoLC)fst00901974
|
| 651 |
|
0 |
|a New Jersey
|x Economic conditions
|v Periodicals.
|
| 651 |
|
7 |
|a New Jersey.
|2 fast
|0 (OCoLC)fst01208379
|
| 655 |
|
0 |
|a Electronic journals.
|
| 710 |
2 |
|
|a New Jersey Business & Industry Association.
|
| 710 |
2 |
|
|a New Jersey Manufacturers Association.
|
| 850 |
|
|
|a DLC
|a NN
|
| 853 |
2 |
0 |
|8 1
|a v.
|b no.
|u 12
|v r
|i (year)
|j (month)
|w m
|
| 856 |
4 |
0 |
|z Full text available from Research Library: 01/01/1992 to present
|u https://search.proquest.com/publication/30960
|
| 863 |
4 |
1 |
|8 1.1
|a 16
|b 5
|i 1970
|j 01
|